| 000 | 00576nam a2200205Ia 4500 | ||
|---|---|---|---|
| 003 | GCL | ||
| 008 | 140319s9999 xx 000 0 ara d | ||
| 040 |
_aGCL / _cGCL |
||
| 082 | 0 | 4 |
_a339.46 _bه ص |
| 100 | 1 | _aمجدى نصيف | |
| 245 | 1 | 0 |
_aصناعة الفقر العالمى / _cمجدى نصيف |
| 700 | 1 | _aهايتر، تيريزا | |
| 300 | _a217 ص | ||
| 490 |
_aكتاب الاهالى _v0 |
||
| 650 | 0 | 4 | _aالتنمية الاجتماعية |
| 650 | 0 | 4 | _aالاقتصاد الدولى |
| 650 | 0 | 4 | _aالجوع |
| 650 | 0 | 4 | _aالفقر |
| 942 |
_2ddc _cBK |
||
| 999 |
_c51552 _d51552 |
||